The Routledge History of Fashion and Dress, 1800 to the Present (Record no. 81717)

MARC details
000 -LEADER
fixed length control field 03028namaa2200469uu 4500
001 - CONTROL NUMBER
control field doab122162
003 - CONTROL NUMBER IDENTIFIER
control field oapen
005 - DATE AND TIME OF LATEST TRANSACTION
control field 20260218110502.0
006 - FIXED-LENGTH DATA ELEMENTS--ADDITIONAL MATERIAL CHARACTERISTICS
fixed length control field m o d
007 - PHYSICAL DESCRIPTION FIXED FIELD--GENERAL INFORMATION
fixed length control field cr|mn|---annan
008 - FIXED-LENGTH DATA ELEMENTS--GENERAL INFORMATION
fixed length control field 231117s2024 xx |||||o ||| 0|eng d
020 ## - INTERNATIONAL STANDARD BOOK NUMBER
International Standard Book Number 9780367272227
020 ## - INTERNATIONAL STANDARD BOOK NUMBER
International Standard Book Number 9780429295607
020 ## - INTERNATIONAL STANDARD BOOK NUMBER
International Standard Book Number 9780429295607
020 ## - INTERNATIONAL STANDARD BOOK NUMBER
International Standard Book Number 9781000963427
020 ## - INTERNATIONAL STANDARD BOOK NUMBER
International Standard Book Number 9781032576732
024 7# - OTHER STANDARD IDENTIFIER
Standard number or code 10.4324/9780429295607
Source of number or code doi
040 ## - CATALOGING SOURCE
Original cataloging agency oapen
Transcribing agency oapen
Modifying agency
041 0# - LANGUAGE CODE
Language code of text/sound track or separate title eng
042 ## - AUTHENTICATION CODE
Authentication code dc
245 00 - TITLE STATEMENT
Title The Routledge History of Fashion and Dress, 1800 to the Present
260 ## - PUBLICATION, DISTRIBUTION, ETC.
Name of publisher, distributor, etc. Taylor & Francis
Date of publication, distribution, etc. 2024
300 ## - PHYSICAL DESCRIPTION
Extent 1 online resource (576 p.)
336 ## - CONTENT TYPE
Content type term text
Content type code txt
Source rdacontent
337 ## - MEDIA TYPE
Media type term computer
Media type code c
Source rdamedia
338 ## - CARRIER TYPE
Carrier type term online resource
Carrier type code cr
Source rdacarrier
490 1# - SERIES STATEMENT
Series statement Routledge Histories
506 0# - RESTRICTIONS ON ACCESS NOTE
Standardized terminology for access restriction Unrestricted online access
Source of term star
520 ## - SUMMARY, ETC.
Summary, etc. The time span covered by The Routledge History of Fashion and Dress starts in the nineteenth century, with the aftermath of the consumers' revolution, and reaches all the way to the present. The fashion and garment industries have been international from the beginning and, as such, this volume looks at the history of fashion and dress through the lenses of both international and global history. Because fashion is also a multifaceted subject with humanagency at its core, at the confluence of thematerial (fabrics, clothing, dyes, tools, and machines) and the immaterial (savoir-faire, identities, images, and brands), this volume adopts a transdisciplinary perspective, opening its pages to researchers from a variety of complementary fields. The chapters in this volume are organized based on their relationship to five fields of study: economics and commerce, politics, business, identities, and historical sources. Paying particular attention to change, the book goes beyond the great fashion capitals and well-known fashion centers and points to the broader geographies of fashion. Particular geographical areas focus on the emergence of new fashion systems and business models, whether they be in Sweden, Bangladesh, or Spain, or on the African continent, considered to be the "new frontier" of the industry. Covering myriad aspects of the subject this is the perfect companion for all those interested in history of dress and fashion in the modern world.
540 ## - TERMS GOVERNING USE AND REPRODUCTION NOTE
Terms governing use and reproduction Creative Commons
-- by-nc-nd/4.0
-- cc
Uniform Resource Identifier <a href="http://creativecommons.org/licenses/by-nc-nd/4.0">http://creativecommons.org/licenses/by-nc-nd/4.0</a>
546 ## - LANGUAGE NOTE
Language note English
650 #7 - SUBJECT ADDED ENTRY--TOPICAL TERM
Topical term or geographic name entry element General and world history
Source of heading or term bicssc
650 #7 - SUBJECT ADDED ENTRY--TOPICAL TERM
Topical term or geographic name entry element History
Source of heading or term bicssc
650 #7 - SUBJECT ADDED ENTRY--TOPICAL TERM
Topical term or geographic name entry element Social and cultural history
Source of heading or term bicssc
720 1# - ADDED ENTRY--UNCONTROLLED NAME
Name Pouillard, Veronique
Relator code edt
720 1# - ADDED ENTRY--UNCONTROLLED NAME
Name Dubé-Senécal, Vincent
Relator code edt
720 1# - ADDED ENTRY--UNCONTROLLED NAME
Name Dubé-Senécal, Vincent
Relator code oth
720 1# - ADDED ENTRY--UNCONTROLLED NAME
Name Pouillard, Veronique
Relator code oth
793 0# -
-- DOAB Library.
856 ## - ELECTRONIC LOCATION AND ACCESS
Uniform Resource Identifier <a href="https://docs.google.com/spreadsheets/d/1yKIrdCPDAG_9c22mwoOIO2DOhtj65Wqa/edit?usp=sharing&ouid=106555315294820607512&rtpof=true&sd=true ">https://docs.google.com/spreadsheets/d/1yKIrdCPDAG_9c22mwoOIO2DOhtj65Wqa/edit?usp=sharing&ouid=106555315294820607512&rtpof=true&sd=true </a>
Link text List of Curated E-Books
942 ## - ADDED ENTRY ELEMENTS (KOHA)
Koha item type E-Book
Holdings
Withdrawn status Damaged status Not for loan Home library Current library Date acquired Total Checkouts Date last seen Price effective from Koha item type
      Directory of Open Access Books Directory of Open Access Books 12/09/2024   12/09/2024 12/09/2024 E-Book

University of Rizal System
Email us at univlibservices@urs.edu.ph

Visit our Website www.urs.edu.ph/library